Library Banner

Inglistan Khuda ki shan(انگسلتان خدا کی شان)/ (Record no. 109143)

MARC details
000 -LEADER
fixed length control field 00427nam a22001337a 4500
005 - DATE AND TIME OF LATEST TRANSACTION
control field 20181129101210.0
008 - FIXED-LENGTH DATA ELEMENTS--GENERAL INFORMATION
fixed length control field 181129b ||||| |||| 00| 0 eng d
040 ## - CATALOGING SOURCE
Transcribing agency PK-LaUMT
082 ## - DEWEY DECIMAL CLASSIFICATION NUMBER
Classification number RHC 914.1
Item number MAR-I
100 ## - MAIN ENTRY--PERSONAL NAME
Personal name Mairaj Jami
245 ## - TITLE STATEMENT
Title Inglistan Khuda ki shan(انگسلتان خدا کی شان)/
Statement of responsibility, etc Mairaj Jami(معراج جامی)
260 ## - PUBLICATION, DISTRIBUTION, ETC. (IMPRINT)
Place of publication, distribution, etc کراچی؛
Name of publisher, distributor, etc یورپین اردو رائٹرز
Date of publication, distribution, etc 2011
942 ## - ADDED ENTRY ELEMENTS (KOHA)
Koha item type Books
Holdings
Withdrawn status Lost status Damaged status Home library Current library Date acquired Full call number Barcode Date last seen Price effective from Koha item type
      UMT Main Campus UMT Main Campus 2018-11-29 RHC 914.1 MAR-I 126822 2018-11-29 2018-11-29 Books